Štúdium vplyvu pracovného prostredia na zdravie administratívnych pracovníkov = Study of the Work Environment Influence on Health of Administration Employees : Diplomová práca

Gespeichert in:
Bibliographische Detailangaben
1. Verfasser: Dorčák, Milan (Verfasst von)
Weitere Verfasser: Šantavá, Renáta, 1975- (xxx)
Format: Manuskript Buch
Sprache:Slowakisch
Veröffentlicht: Trnava : STU v Bratislave MTF UBEI, 2007
Schlagworte:
Tags: Tag hinzufügen
Keine Tags, Fügen Sie das erste Tag hinzu!

MARC

LEADER 00000ntm a22000003a 4500
001 stu157560
005 20160719155841.2
008 080207s2007----xo------------------slo-d
040 |a STU  |b slo 
041 0 |a slo 
044 |a xo 
100 1 |a Dorčák, Milan  |4 aut 
245 1 |a Štúdium vplyvu pracovného prostredia na zdravie administratívnych pracovníkov = Study of the Work Environment Influence on Health of Administration Employees :  |b Diplomová práca 
260 |a Trnava :  |b STU v Bratislave MTF UBEI,  |c 2007 
300 |a 71 s  |c príl (1 CD-ROM) 
500 |a Program: Environmentálne a bezpečnostné inžinierstvo 
650 7 |a pracovné prostredie  |2 stusub 
700 1 |a Šantavá, Renáta,  |d 1975-  |4 xxx  |u M390  |U MTF Materiálovotechnologická fakulta  |T MTF Katedra environmentálneho a bezpečnostného inžinierstva  |X 37961  |U M390  |Y 177  |7 A000037961 
996 |b 284M067209  |c M*DP-6956  |l MMSKP  |s P  |a 0  |w stu157560_0001